000 00274nam a2200121 a 4500
008 100917s1966|||| d
245 1 0 _aRuže pre Vás
100 1 _aDevečková, Anna
260 _bSmena
_aBratislava
_c1966
044 _axo
_cSK
041 _aslo
020 _c7
999 _c10453
_d10453